Catálogo Biblioteca Central

Discursos sobre la inmigración en España (Registro nro. 149263)

Detalles MARC
000 -CABECERA
campo de control de longitud fija 01123nam a22003375 4500
001 - NÚMERO DE CONTROL
campo de control 149263
003 - IDENTIFICADOR DEL NÚMERO DE CONTROL
campo de control ES-MaBCM
005 - FECHA Y HORA DE LA ÚLTIMA TRANSACCIÓN
campo de control 20241016184140.0
008 - CÓDIGOS DE INFORMACIÓN DE LONGITUD FIJA
campo de control de longitud fija 070522s2007 esp spa d
017 ## - NÚMERO DE COPYRIGHT O DE DEPÓSITO LEGAL
Depósito legal B.17806-2007
020 ## - NÚMERO INTERNACIONAL NORMALIZADO PARA LIBROS(ISBN)
Número Internacional Normalizado para Libros (ISBN) 978-84-87072-78-9
021 ## -
-- xx
035 ## - NÚMERO DE CONTROL DEL SISTEMA
Número de control de sistema (OCoLC)433341496
040 ## - FUENTE DE LA CATALOGACIÓN
Centro transcriptor ES-MaBCM
080 ## - NÚMERO DE LA CLASIFICACIÓN DECIMAL UNIVERSAL
Número de la Clasificación Decimal Universal 325.14(460):659.3
080 ## - NÚMERO DE LA CLASIFICACIÓN DECIMAL UNIVERSAL
Número de la Clasificación Decimal Universal 325.14(460):32
245 00 - MENCIÓN DE TÍTULO
Título Discursos sobre la inmigración en España
Resto del título : los medios de comunicación, los parlamentos y las administraciones
Mención de responsabilidad etc. Ricard Zapata-Barrero y Teun A. Van Dijk (eds.)
260 ## - PUBLICACIÓN, DISTRIBUCIÓN, ETC. (PIE DE IMPRENTA)
Lugar de publicación distribución etc. Barcelona :
Nombre del editor distribuidor etc. Fundació CIDOB,
Fecha de publicación distribución etc. [2007]
300 ## - DESCRIPCIÓN FÍSICA
Extensión 272 p.
Otras características físicas gráf.
Dimensiones 22 cm
490 0# - MENCIÓN DE SERIE
Mención de serie Interrogar la actualidad. Migraciones
-- 110874
504 ## - NOTA DE BIBLIOGRAFÍA, ETC.
Nota de bibliografía etc. Incluye referencias bibliográficas
650 27 - PUNTO DE ACCESO ADICIONAL DE MATERIA--TÉRMINO DE MATERIA
Término de materia o nombre geográfico como elemento inicial Inmigración
9 (RLIN) 59009
650 #7 - PUNTO DE ACCESO ADICIONAL DE MATERIA--TÉRMINO DE MATERIA
Término de materia o nombre geográfico como elemento inicial Debate parlamentario
9 (RLIN) 58223
650 27 - PUNTO DE ACCESO ADICIONAL DE MATERIA--TÉRMINO DE MATERIA
Término de materia o nombre geográfico como elemento inicial Discurso
9 (RLIN) 58422
651 24 - PUNTO DE ACCESO ADICIONAL DE MATERIA--NOMBRE GEOGRÁFICO
Nombre geográfico España
9 (RLIN) 115342
650 #7 - PUNTO DE ACCESO ADICIONAL DE MATERIA--TÉRMINO DE MATERIA
Término de materia o nombre geográfico como elemento inicial Medios de comunicación de masas
9 (RLIN) 58014
700 1# - PUNTO DE ACCESO ADICIONAL--NOMBRE DE PERSONA
Nombre de persona Zapata Barrero, Ricard
9 (RLIN) 50070
700 1# - PUNTO DE ACCESO ADICIONAL--NOMBRE DE PERSONA
Nombre de persona Dijk, Teun A. van
9 (RLIN) 80903
710 2# - PUNTO DE ACCESO ADICIONAL--NOMBRE DE ENTIDAD CORPORATIVA
Nombre de entidad o nombre de jurisdicción como elemento inicial Fundación CIDOB
9 (RLIN) 51907
942 ## - ELEMENTOS DE PUNTO DE ACCESO ADICIONAL (KOHA)
Tipo de ítem Koha Libros
Existencias
Estado de retiro Estado de pérdida Fuente del sistema de clasificación o colocación Estado dañado No para préstamo Localización permanente Ubicación/localización actual Ubicación en estantería Fecha de adquisición Fuente de adquisición Número de inventario Número de registro Signatura topográfica completa Código de barras Precio válido a partir de Tipo de ítem Koha
          Biblioteca Central del Ministerio de la Presidencia Biblioteca Central del Ministerio de la Presidencia Sala 07/06/2007 Compra 66117 66117 50463 1062176 07/06/2007 Libros